|
|
|
|
| LEADER |
02726nam a22005295i 4500 |
| 001 |
978-3-642-36516-4 |
| 003 |
DE-He213 |
| 005 |
20151103121021.0 |
| 007 |
cr nn 008mamaa |
| 008 |
130321s2013 gw | s |||| 0|eng d |
| 020 |
|
|
|a 9783642365164
|9 978-3-642-36516-4
|
| 024 |
7 |
|
|a 10.1007/978-3-642-36516-4
|2 doi
|
| 040 |
|
|
|d GrThAP
|
| 050 |
|
4 |
|a QA76.9.E94
|
| 072 |
|
7 |
|a UYD
|2 bicssc
|
| 072 |
|
7 |
|a COM074000
|2 bisacsh
|
| 082 |
0 |
4 |
|a 004.24
|2 23
|
| 245 |
1 |
0 |
|a Passive and Active Measurement
|h [electronic resource] :
|b 14th International Conference, PAM 2013, Hong Kong, China, March 18-19, 2013. Proceedings /
|c edited by Matthew Roughan, Rocky Chang.
|
| 264 |
|
1 |
|a Berlin, Heidelberg :
|b Springer Berlin Heidelberg :
|b Imprint: Springer,
|c 2013.
|
| 300 |
|
|
|a XII, 282 p. 135 illus.
|b online resource.
|
| 336 |
|
|
|a text
|b txt
|2 rdacontent
|
| 337 |
|
|
|a computer
|b c
|2 rdamedia
|
| 338 |
|
|
|a online resource
|b cr
|2 rdacarrier
|
| 347 |
|
|
|a text file
|b PDF
|2 rda
|
| 490 |
1 |
|
|a Lecture Notes in Computer Science,
|x 0302-9743 ;
|v 7799
|
| 505 |
0 |
|
|a Measurement Design, Experience and Analysis -- Internet Wireless and Mobility -- Performance Measurement -- Protocol and Application Behaviour -- Characterization of Network Usage -- Network Security and Privacy.
|
| 520 |
|
|
|a This book constitutes the refereed proceedings of the 14th International Conference on Passive and Active Measurement, PAM 2013, held in Hong Kong, China, in March 2013. The 24 revised full papers presented were carefully reviewed and selected from 74 submissions. The papers have been organized in the following topical sections: measurement design, experience and analysis; Internet wireless and mobility; performance measurement; protocol and application behavior; characterization of network usage; and network security and privacy. In addition, 9 poster abstracts have been included.
|
| 650 |
|
0 |
|a Computer science.
|
| 650 |
|
0 |
|a Computer communication systems.
|
| 650 |
|
0 |
|a Computer system failures.
|
| 650 |
|
0 |
|a Operating systems (Computers).
|
| 650 |
|
0 |
|a Computer security.
|
| 650 |
1 |
4 |
|a Computer Science.
|
| 650 |
2 |
4 |
|a System Performance and Evaluation.
|
| 650 |
2 |
4 |
|a Computer Communication Networks.
|
| 650 |
2 |
4 |
|a Operating Systems.
|
| 650 |
2 |
4 |
|a Systems and Data Security.
|
| 700 |
1 |
|
|a Roughan, Matthew.
|e editor.
|
| 700 |
1 |
|
|a Chang, Rocky.
|e editor.
|
| 710 |
2 |
|
|a SpringerLink (Online service)
|
| 773 |
0 |
|
|t Springer eBooks
|
| 776 |
0 |
8 |
|i Printed edition:
|z 9783642365157
|
| 830 |
|
0 |
|a Lecture Notes in Computer Science,
|x 0302-9743 ;
|v 7799
|
| 856 |
4 |
0 |
|u http://dx.doi.org/10.1007/978-3-642-36516-4
|z Full Text via HEAL-Link
|
| 912 |
|
|
|a ZDB-2-SCS
|
| 912 |
|
|
|a ZDB-2-LNC
|
| 950 |
|
|
|a Computer Science (Springer-11645)
|